Mineralojía. Edición Oficial. Memorias mineralójicas
Kaydedildi:
| Yazar: | |
|---|---|
| Materyal Türü: | Kitap |
| Dil: | İspanyolca |
| Baskı/Yayın Bilgisi: |
Santiago
Imprenta Cervantes
1900
|
| Edisyon: | 1a. ed |
| Konular: | |
| Etiketler: |
Etiketle
Etiket eklenmemiş, İlk siz ekleyin!
|
MARC
| LEADER | 00000nam a2200000 a 4500 | ||
|---|---|---|---|
| 001 | UCJ7259 | ||
| 003 | CL-VaPUC | ||
| 008 | 070124e19000000CL |||||||||||||||||spa|d | ||
| 082 | 0 | 4 | |a 549 |b DOM |2 21 |
| 100 | |a Domeyko, Ignacio |e author |9 326006 | ||
| 245 | 1 | 0 | |a Mineralojía. Edición Oficial. Memorias mineralójicas |
| 250 | |a 1a. ed | ||
| 300 | |a 558 p | ||
| 942 | |c BK | ||
| 945 | |d 20070124 00:00:00 |a rinostro | ||
| 260 | |a Santiago |b Imprenta Cervantes |c 1900 | ||
| 500 | |a En Biblioteca sólo vol. 4 | ||
| 650 | 0 | |a Recursos naturales |9 255232 | |
| 650 | 0 | |a Minería |9 326008 | |
| 650 | 0 | |a Metalurgia |9 263720 | |
| 650 | 0 | |a Mapas |9 260844 | |
| 583 | |a last modification |c 20070124 00:00:00 |k Rodrigo Vera | ||
| 999 | |c 323355 |d 323353 | ||
| 952 | |0 0 |1 0 |4 0 |6 549_000000000000000_DOM_1900 |7 0 |8 X |9 402873 |a FDOBUD |b FDOBUD |d 2019-11-22 |h v.4 |i 106066K |o 549 DOM 1900 |p 106066K |r 2019-11-22 |w 2019-11-22 |y BK_X |k BUD | ||